| 000 | 00871 a2200229 4500 | ||
|---|---|---|---|
| 001 | 39335 | ||
| 005 | 20260407155652.0 | ||
| 008 | 260407a arg spa d | ||
| 003 | AR-UNSa-BCEJYS | ||
| 040 |
_aAR-UNSa-BCEJYS _bspa _cAR-UNSa-BCEJYS |
||
| 080 |
_a519.87 _xModelos matemáticos para la investigación operativa |
||
| 245 | 1 | 0 |
_aMétodos de simulación _paplicacionesal análisis de problemas |
| 020 | _a84-7351-183-2 | ||
| 264 | 1 |
_aMadrid : _bInstituto Nacional de Administración Pública (INAP) |
|
| 300 |
_a222 p. _c19 cm. |
||
| 505 | _a1. Introducción a la simulación - 2. La técnica de simulación - 3. Modelos de congestión de servicios - 4. Análisis estructural de sistemas - 5. Soporte de la gestión. | ||
| 041 | _aspa | ||
| 942 | _cBK | ||
| 590 | _aniveau_biblio:m niveau_hierar:0 | ||
| 100 | 1 | _aBarba, Sergio | |
| 700 | 1 | _aCasillas, Romero | |
| 999 |
_c3022 _d3022 |
||